000
00221nam a2200097 a 4500
008
111125s2005|||| d
245
1
0
_a
Slowacja W Skarbnicy UNESCO
260
_b
RAX
_c
2005
020
_c
100
044
_a
xo
_c
SK
999
_c
19885
_d
19885